Normal view
MARC view
- Cryptography
Entry Topical Term
001 - CONTROL NUMBER
- control field: 94015
003 - CONTROL NUMBER IDENTIFIER
- control field: NUST
005 - DATE AND TIME OF LATEST TRANSACTION
- control field: 20220720111006.0
008 - FIXED-LENGTH DATA ELEMENTS
- fixed length control field: 220720|| aca||aabn | a|a d
040 ## - CATALOGING SOURCE
- Original cataloging agency: NUST
- Transcribing agency: NUST
150 ## - HEADING--TOPICAL TERM
- Topical term or geographic name entry element: Cryptography
- General subdivision: Mathematics
670 ## - SOURCE DATA FOUND
- Source citation: Work cat.: (NUST)188689: Neuenschwander, Daniel, 94013, Probabilistic and statistical methods in cryptology :, c2004.
